Sports Quiz

Random Sports or Decade Quiz

NFL Rushing Leaders: Start of Each Decade Quiz Stats

 Plays Quiz Updated Jan 14, 2021

Support Sporcle.
Go Orange.
Score 0/140 Timer 10:00
1 Play Today
Player % Correct
Emmitt Smith
95.6%
Emmitt Smith
94.5%
Emmitt Smith
94.5%
J.D. Smith
93.6%
Jim Brown
92%
Barry Sanders
91%
Walter Payton
90.6%
Walter Payton
90.1%
Walter Payton
90.1%
Walter Payton
90.1%
Walter Payton
90.1%
Frank Gore
88.8%
Jim Brown
88.7%
Jim Brown
88.7%
Jim Brown
88.7%
Jim Brown
88.7%
Jim Brown
88.7%
Jim Brown
88.7%
Larry Brown
87.7%
Bill Brown
87.7%
Bill Brown
87.7%
Barry Sanders
86.8%
Barry Sanders
86.8%
Adrian Peterson
86.7%
LaDainian Tomlinson
80.2%
Eric Dickerson
78.3%
LaDainian Tomlinson
75.6%
Marshall Faulk
74.8%
Eric Dickerson
73.4%
Eric Dickerson
73.4%
Eric Dickerson
73.4%
Curtis Martin
72.2%
Jerome Bettis
71.2%
Franco Harris
70.8%
Steven Jackson
70.7%
O.J. Simpson
70.2%
O.J. Simpson
70.2%
O.J. Simpson
70.2%
O.J. Simpson
70.2%
Jerome Bettis
69.8%
Jerome Bettis
69.8%
Curtis Martin
69.7%
John Henry Johnson
69.4%
John Henry Johnson
69.3%
John Henry Johnson
69.3%
Marcus Allen
67.5%
Marshall Faulk
66.6%
Player % Correct
Franco Harris
66%
Franco Harris
66%
Franco Harris
66%
Franco Harris
66%
Edgerrin James
65.9%
Thurman Thomas
65.6%
John Riggins
63.5%
Fred Taylor
62.5%
Marcus Allen
62.3%
Marcus Allen
62.3%
Marcus Allen
62.3%
Tony Dorsett
62.2%
Thurman Thomas
61.3%
Thurman Thomas
61.3%
John Riggins
60.3%
John Riggins
60.3%
John Riggins
60.3%
John Riggins
60.3%
Edgerrin James
59.5%
Tony Dorsett
58.6%
Tony Dorsett
58.6%
Tony Dorsett
58.6%
Jim Taylor
56.2%
Jim Taylor
56.2%
Jim Taylor
56.2%
Jim Taylor
56.2%
Fred Taylor
56.2%
Ottis Anderson
56.1%
Ottis Anderson
56.1%
Earl Campbell
55.5%
Earl Campbell
55.5%
Larry Csonka
53.7%
Larry Csonka
53.7%
Corey Dillon
53%
Gale Sayers
50.5%
Corey Dillon
45.5%
Roger Craig
43.2%
Ricky Watters
40.8%
Ricky Watters
40.8%
Herschel Walker
36.9%
Warrick Dunn
36.4%
Gerald Riggs
27.1%
Earnest Byner
23.4%
Frank Gifford
22.4%
Chuck Foreman
22.1%
Calvin Hill
21.2%
Joe Perry
20.6%
Player % Correct
Joe Perry
20.6%
Joe Perry
20.6%
Joe Perry
20.6%
Joe Perry
20.6%
Wilbert Montgomery
20.6%
George Rogers
20%
Floyd Little
19.6%
Leroy Kelly
19.3%
Leroy Kelly
19.3%
Steve Van Buren
18%
Steve Van Buren
18%
Steve Van Buren
18%
Lenny Moore
17.2%
Freeman McNeil
16.7%
Lydell Mitchell
16.6%
Marion Motley
14.7%
Marion Motley
14.7%
Mike Pruitt
12.1%
Lawrence McCutcheon
11.3%
Alan Ameche
10.2%
Hugh McElhenny
8.7%
Hugh McElhenny
8.7%
Don Perkins
7.6%
Don Perkins
7.6%
Rick Casares
6.6%
Rick Casares
6.6%
John David Crow
6.5%
Ollie Matson
6.5%
Ollie Matson
6.3%
Dick Bass
6%
Ken Willard
5.6%
Tony Canadeo
5.3%
Clem Daniels
5.1%
Paul Lowe
4.6%
Abner Haynes
4.5%
Alex Webster
4.3%
Charlie Trippi
3.9%
Cliff Battles
3.3%
Clarke Hinkle
3.1%
Tank Younger
3%
Eddie Price
2.9%
Dan Towler
2.7%
Bob Hoernschemeyer
2.4%
Fran Rogel
2.4%
Ace Gutowsky
2.1%
Johnny Strzykalski
1.1%

From the Vault

The Hunger Games Characters by Tweet

by mellybmel

May the odds be under 140 characters.
Remove Ads.
Support Sporcle.
Get the best of Sporcle when you Go Orange. This ad-free experience offers more features, more stats, and more fun while also helping to support Sporcle. Thank you for becoming a member.

Show Comments

Extras

Top Quizzes Today


Score Distribution

Your Account Isn't Verified!

In order to create a playlist on Sporcle, you need to verify the email address you used during registration. Go to your Sporcle Settings to finish the process.

Report this User

Report this user for behavior that violates our Community Guidelines.

Details: